000 00681nam a2200241Ia 4500
003 OSt
005 20220928125359.0
006 a|||||r|||| 00| 0
007 ta
008 220927b |||||||| |||| 00| 0 eng d
024 _a62700
037 _cTextual
040 _aSDCL
_cSDCL
_beng
041 _2eng
_aeng
082 _aB28931, Q0
100 _aAntoniou Andreas
245 0 _aPractical optimization
_bAlgorithms and engineering applications.
260 _aNew Delhi
_bSpringer
_c2010
300 _axvii,669p.
_ccm.
700 _a Lu Wu-Sheng
_9469442
942 _hB28931, Q0
_cTEXL
_2CC
999 _c782099
_d782099